000 00518nam a2200181Ia 4500
001 4386
005 20260306145752.0
008 260306t2017||||xx |||||||||||||| ||spa||
041 _aESP
082 _a320.98506
_bA11
100 _aAbanto Chani, Julio César
_eAUT
245 0 _aEl Congreso de la República durante la ocupación chilena:
_bChorrillos, Ayacucho, Cajamarca y Arequipa 1881-1883
260 _c2017
300 _a240 páginas :
_c23 cm.
650 _aGEN
654 _aCDE
942 _cLIB
_dJUS
_fJUS
_2ddc
_n
999 _c4386
_d4386